[Event "El Vendrell op 3rd"]
[Site "El Vendrell"]
[Date "2023.07.15"]
[Round "2"]
[White "Lacasta Palacio, Joaquim"]
[Black "Solodovnichenko, Yuri"]
[Result "0-1"]
[WhiteElo "1934"]
[BlackElo "2456"]
[PlyCount "70"]
[EventDate "2023.07.15"]
[EventType "swiss (rapid)"]
[EventRounds "9"]
[EventCountry "ESP"]
[SourceTitle "CBM 215 Extra"]
[Source "ChessBase"]
[SourceDate "2023.09.30"]
[SourceVersion "1"]
[SourceVersionDate "2023.09.30"]
[SourceQuality "1"]

1. g3 d5 2. Bg2 e5 3. c4 dxc4 4. Qa4+ c6 5. Qxc4 Nf6 6. Qc2 Bd6 7. d3 0-0 8. Nc3 h6 9. Nf3 Re8 10. 0-0 Bg4 11. a3 Na6 12. Be3 Qd7 13. Rad1 c5 14. Nd2 Rac8 15. Nde4 Be7 16. f3 Be6 17. Nxf6+ Bxf6 18. Bf2 b6 19. Ne4 Be7 20. Nd2 Nb8 21. Nc4 Nc6 22. Qd2 Red8 23. Qe1 b5 24. Nd2 Nd4 25. Rc1 a6 26. Kh1 f5 27. Bg1 Bf6 28. f4 exf4 29. gxf4 c4 30. dxc4 bxc4 31. e3 Nb5 32. Rc2 c3 33. Nb1 cxb2 34. Rxc8 Rxc8 35. Qa5 Bd5 0-1

[Event "Catalunya-ch Seniors"]
[Site "Malgrat del Mar"]
[Date "2023.05.14"]
[Round "1"]
[White "Gensana Berzunces, Joan"]
[Black "Lacasta Palacio, Joaquim"]
[Result "0-1"]
[WhiteElo "1805"]
[BlackElo "2079"]
[PlyCount "90"]
[EventDate "2023.05.14"]
[EventType "swiss"]
[EventRounds "8"]
[EventCountry "ESP"]
[SourceTitle "CBM 214 Extra"]
[Source "ChessBase"]
[SourceDate "2023.07.31"]
[SourceVersion "1"]
[SourceVersionDate "2023.07.31"]
[SourceQuality "1"]

1. d4 f5 2. Bg5 g6 3. c4 Bg7 4. Nc3 Nf6 5. Nf3 0-0 6. Qd2 d6 7. Bxf6 Bxf6 8. h4 e6 9. e4 Nc6 10. Be2 e5 11. dxe5 Nxe5 12. Nd5 Nxf3+ 13. Bxf3 fxe4 14. Nxf6+ Qxf6 15. Bxe4 Re8 16. f3 Bf5 17. Qd5+ Qe6 18. Kd2 Bxe4 19. fxe4 Qxd5+ 20. exd5 Re4 21. b3 Rf8 22. Rae1 Rf2+ 23. Kc3 Rg4 24. h5 Rg3+ 25. Kb4 Rxa2 26. Rh3 a5+ 27. Kb5 Raxg2 28. Rxg3 Rxg3 29. hxg6 hxg6 30. Re7 Rxb3+ 31. Kxa5 g5 32. Rxc7 g4 33. Rd7 g3 34. Rxd6 Kf7 35. Re6 Rc3 36. Kb4 g2 37. Re1 Rg3 38. Rg1 Ke7 39. Kb5 Kd6 40. Kb6 Rb3+ 41. Ka7 Rb2 42. Kb8 b5 43. cxb5 Rxb5+ 44. Kc8 Rb2 45. Kd8 Rb8# 0-1

[Event "Barcelona Segura Memorial 2nd"]
[Site "Barcelona"]
[Date "2022.11.16"]
[Round "7"]
[White "Lacasta Palacio, Joaquim"]
[Black "Niubo Calvo, Juan"]
[Result "1-0"]
[WhiteElo "2037"]
[BlackElo "1705"]
[PlyCount "65"]
[EventDate "2022.09.28"]
[EventType "swiss"]
[EventRounds "9"]
[EventCountry "ESP"]
[SourceTitle "EXT 2024"]
[Source "ChessBase"]
[SourceDate "2023.10.10"]
[SourceVersion "1"]
[SourceVersionDate "2023.10.10"]
[SourceQuality "1"]

1. e4 c5 2. Nf3 Nc6 3. d4 cxd4 4. Nxd4 Nf6 5. Nc3 e5 6. Ndb5 d6 7. Bg5 a6 8. Bxf6 gxf6 9. Na3 Be6 10. Nc4 Rc8 11. Ne3 Nd4 12. Bd3 Bh6 13. 0-0 Rg8 14. Kh1 Qd7 15. Ncd5 Bxd5 16. Nxd5 Qe6 17. c3 Nc6 18. Qf3 Rg6 19. Nb6 Rd8 20. h3 Kf8 21. Bc4 Qe8 22. Bb3 Kg7 23. Rfd1 Ne7 24. Ba4 Nc6 25. Rd3 Qf8 26. Rad1 Kh8 27. Bb3 f5 28. exf5 Rf6 29. Nd5 Qg7 30. Qe4 Qg5 31. Rg3 Qxf5 32. Nxf6 Qxf6 33. Bc2 1-0

[Event "Barcelona Segura Memorial 2nd"]
[Site "Barcelona"]
[Date "2022.10.19"]
[Round "3"]
[White "Lacasta Palacio, Joaquim"]
[Black "Cabot Muntane, Jordi"]
[Result "1-0"]
[WhiteElo "2037"]
[BlackElo "1830"]
[PlyCount "103"]
[EventDate "2022.09.28"]
[EventType "swiss"]
[EventRounds "9"]
[EventCountry "ESP"]
[SourceTitle "EXT 2024"]
[Source "ChessBase"]
[SourceDate "2023.10.10"]
[SourceVersion "1"]
[SourceVersionDate "2023.10.10"]
[SourceQuality "1"]

1. d4 Nf6 2. g3 e6 3. Bg2 Be7 4. c4 d5 5. Nf3 0-0 6. 0-0 b6 7. cxd5 exd5 8. Nc3 Bb7 9. Qc2 Nbd7 10. Rd1 Re8 11. Bf4 c6 12. Rab1 Nf8 13. Bd2 Ne6 14. Be1 Rc8 15. b4 Bf8 16. Qb3 Qe7 17. e3 Red8 18. a4 Ba8 19. Qa2 g6 20. h3 Bg7 21. a5 h6 22. axb6 axb6 23. Nh2 Ng5 24. Nf1 Nge4 25. Nxe4 Nxe4 26. b5 c5 27. Qa6 Qc7 28. Bxe4 dxe4 29. dxc5 Rxd1 30. Rxd1 Qxc5 31. Rd7 Rf8 32. Qa4 Bd5 33. Ra7 Qc1 34. Qb4 Rc8 35. Kg2 Bf8 36. Qd2 Qc4 37. Rd7 Be6 38. Rd8 Qxb5 39. Rxc8 Bxc8 40. g4 Qc4 41. Qd8 b5 42. Ba5 Be6 43. Nd2 Qd5 44. Qb8 Qc5 45. Bb6 Qc3 46. Bd4 Qxd2 47. Qe5 Qxd4 48. exd4 Bc4 49. Qxe4 b4 50. d5 Ba2 51. d6 Bxd6 52. Qa8+ 1-0

[Event "Badalona op 46th"]
[Site "Badalona"]
[Date "2022.08.02"]
[Round "1"]
[White "Aronyak, Ghosh"]
[Black "Lacasta Palacio, Joaquim"]
[Result "1-0"]
[WhiteElo "2512"]
[BlackElo "2042"]
[PlyCount "91"]
[EventDate "2022.08.02"]
[EventType "swiss"]
[EventRounds "9"]
[EventCountry "ESP"]
[SourceTitle "CBM 209 Extra"]
[Source "ChessBase"]
[SourceDate "2022.09.30"]
[SourceVersion "1"]
[SourceVersionDate "2022.09.30"]
[SourceQuality "1"]

1. c4 f5 2. d4 Nf6 3. g3 e6 4. Bg2 Bb4+ 5. Nd2 0-0 6. Ngf3 Qe8 7. 0-0 Nc6 8. Nb3 Be7 9. d5 exd5 10. cxd5 Nb4 11. Nh4 d6 12. Nd4 Ng4 13. h3 Ne5 14. Nhf3 Nxf3+ 15. Bxf3 a5 16. Kh2 Bf6 17. a3 Na6 18. b4 axb4 19. axb4 Rb8 20. Rb1 Kh8 21. Be3 Bd7 22. Bg2 Qe7 23. Qd3 g6 24. Rfc1 Be5 25. Nf3 Bf6 26. Qc4 Rbc8 27. Nd4 Bg5 28. Bxg5 Qxg5 29. e3 Qe7 30. Nc6 Qg7 31. Na5 b5 32. Qc3 Rf7 33. Bf1 g5 34. Qxg7+ Kxg7 35. Nc6 Bxc6 36. Rxc6 Nb8 37. Rc3 f4 38. exf4 gxf4 39. Bxb5 fxg3+ 40. Kxg3 Rcf8 41. Rb2 Kf6 42. Rf3+ Kg5 43. Rxf7 Rxf7 44. Re2 Nd7 45. f4+ Kf5 46. Re6 1-0

[Event "Barcelona Martorell-ch 37th"]
[Site "Barcelona"]
[Date "2019.11.09"]
[Round "8"]
[White "Munoz Pantoja, Miguel Angel"]
[Black "Lacasta Palacio, Joaquim"]
[Result "1-0"]
[WhiteElo "2519"]
[BlackElo "2093"]
[PlyCount "117"]
[EventDate "2019.09.14"]
[EventType "swiss"]
[EventRounds "9"]
[EventCountry "ESP"]
[SourceTitle "CBM 193 Extra"]
[Source "ChessBase"]
[SourceDate "2020.01.31"]
[SourceVersion "1"]
[SourceVersionDate "2020.01.31"]
[SourceQuality "1"]

1. e4 e5 2. d4 exd4 3. Qxd4 Nc6 4. Qe3 Bb4+ 5. Bd2 Qe7 6. Nc3 Nf6 7. 0-0-0 d6 8. f3 Bd7 9. g4 h6 10. Bb5 a6 11. Bxc6 Bxc6 12. Nge2 Bc5 13. Nd4 Bd7 14. h4 c6 15. g5 Nh5 16. Qd3 0-0-0 17. Be3 hxg5 18. hxg5 Kb8 19. Na4 Ba7 20. Ne2 Bxe3+ 21. Qxe3 Bc8 22. Nd4 c5 23. Ne2 f5 24. gxf6 Nxf6 25. Rxh8 Rxh8 26. Qf4 Ne8 27. Nxc5 Rh4 28. Nxa6+ bxa6 29. Qe3 Bb7 30. Nd4 Qe5 31. Kb1 Qc5 32. a3 Nc7 33. Qd2 Rh8 34. Nb3 Qe5 35. Qxd6 Qxd6 36. Rxd6 Rh1+ 37. Ka2 Rf1 38. Nd2 Rf2 39. Kb3 Nb5 40. Rd3 Kc7 41. c4 Na7 42. Kc3 Nc6 43. Rd5 Nd8 44. Rf5 Bc8 45. Rc5+ Kd7 46. Kd3 Ne6 47. Rd5+ Ke7 48. Ke3 Rh2 49. f4 Bb7 50. Re5 Kf7 51. b4 Rh3+ 52. Nf3 Nd4 53. Kxd4 Rxf3 54. Rc5 Bxe4 55. Kxe4 Rxa3 56. Kd5 Rb3 57. b5 axb5 58. cxb5 Kf6 59. Kc6 1-0

[Event "Barcelona Tupinamba op-A 14th"]
[Site "Barcelona"]
[Date "2019.05.29"]
[Round "8.3"]
[White "Capellades Subirana, Marc"]
[Black "Lacasta Palacio, Joaquim"]
[Result "1-0"]
[WhiteElo "2155"]
[BlackElo "2074"]
[PlyCount "47"]
[EventDate "2019.03.27"]
[EventType "swiss"]
[EventRounds "9"]
[EventCountry "ESP"]
[SourceTitle "EXT 2024"]
[Source "ChessBase"]
[SourceDate "2023.10.10"]
[SourceVersion "1"]
[SourceVersionDate "2023.10.10"]
[SourceQuality "1"]

1. e4 c5 2. Nf3 e6 3. Nc3 Nc6 4. d4 cxd4 5. Nxd4 Qc7 6. Be3 a6 7. Bd3 Nf6 8. Qe2 Bb4 9. 0-0 0-0 10. f4 d6 11. Na4 Bd7 12. c3 Ba5 13. Nb3 b5 14. Nxa5 bxa4 15. Nc4 Rfb8 16. Kh1 Na5 17. Nxd6 Qxd6 18. e5 Qe7 19. exf6 Qxf6 20. Qh5 Qh6 21. Qxa5 Bc6 22. Rf2 Rd8 23. Bc4 Rac8 24. Qe5 1-0

[Event "Barcelona Tupinamba op-A 14th"]
[Site "Barcelona"]
[Date "2019.05.08"]
[Round "5.9"]
[White "Lacasta Palacio, Joaquim"]
[Black "Dominguez Rueda, Juan"]
[Result "1/2-1/2"]
[WhiteElo "2074"]
[BlackElo "2094"]
[PlyCount "111"]
[EventDate "2019.03.27"]
[EventType "swiss"]
[EventRounds "9"]
[EventCountry "ESP"]
[SourceTitle "EXT 2024"]
[Source "ChessBase"]
[SourceDate "2023.10.10"]
[SourceVersion "1"]
[SourceVersionDate "2023.10.10"]
[SourceQuality "1"]

1. Nf3 d6 2. e4 Nf6 3. d3 e5 4. g3 g6 5. Bg2 Bg7 6. 0-0 0-0 7. Nc3 c6 8. h3 Nbd7 9. Kh2 h6 10. a4 Kh7 11. Ng1 Nc5 12. f4 exf4 13. gxf4 Ne6 14. Nf3 Nh5 15. Ne2 Qe7 16. d4 Bd7 17. Ra3 Rad8 18. Qe1 Bc8 19. Qf2 Rde8 20. e5 Nc7 21. c4 dxe5 22. fxe5 f6 23. Ng3 Nxg3 24. Qxg3 fxe5 25. Nxe5 Bxe5 26. dxe5 Rxf1 27. Bxf1 Qxe5 28. Rf3 Qxg3+ 29. Kxg3 Bf5 30. Be3 b6 31. a5 c5 32. axb6 axb6 33. Bf4 Ne6 34. Re3 Rd8 35. Be5 Kg8 36. Rb3 Rd7 37. Kf2 Rd2+ 38. Ke1 Nd4 39. Bxd4 Rxd4 40. Rxb6 Re4+ 41. Kd2 Kf7 42. Rc6 Re5 43. h4 h5 44. Bg2 Be6 45. b3 Ke7 46. Rb6 g5 47. hxg5 Rxg5 48. Be4 h4 49. Ke3 h3 50. Kf4 Rh5 51. Bh1 Kf6 52. Rc6 Re5 53. Kg3 Kg5 54. Bd5 Re3+ 55. Kh2 Bxd5 56. cxd5 1/2-1/2

[Event "Vilafranca del Penedes op 13th"]
[Site "Vilafranca del Penedes"]
[Date "2019.05.03"]
[Round "4"]
[White "Sirera Bargallo, Tomas"]
[Black "Lacasta Palacio, Joaquim"]
[Result "0-1"]
[WhiteElo "2062"]
[BlackElo "2074"]
[PlyCount "74"]
[EventDate "2019.03.29"]
[EventType "swiss"]
[EventRounds "9"]
[EventCountry "ESP"]
[SourceTitle "CBM 190 Extra"]
[Source "ChessBase"]
[SourceDate "2019.07.15"]
[SourceVersion "1"]
[SourceVersionDate "2019.07.15"]
[SourceQuality "1"]

1. e4 c5 2. Nf3 Nc6 3. d4 cxd4 4. Nxd4 e6 5. Nc3 Qc7 6. Be3 Nf6 7. f4 Nxd4 8. Qxd4 a6 9. e5 Ng4 10. Bg1 Nh6 11. 0-0-0 Nf5 12. Qf2 h5 13. Bd3 g6 14. Ne4 Be7 15. Qb6 Qc6 16. Bf2 Kf8 17. g3 Kg7 18. h3 Bd8 19. Qb4 a5 20. Qe1 a4 21. g4 a3 22. b3 hxg4 23. hxg4 Nh6 24. Bh4 Qb6 25. Bf6+ Bxf6 26. exf6+ Kg8 27. g5 Nf5 28. Rxh8+ Kxh8 29. Kb1 d5 30. Nc3 Qe3 31. Qh1+ Kg8 32. Ne2 e5 33. Bxf5 Bxf5 34. Qxd5 Qxe2 35. Rd2 Qf1+ 36. Rd1 Qf2 37. Rd2 Qxf4 0-1

[Event "Vilafranca del Penedes op 13th"]
[Site "Vilafranca del Penedes"]
[Date "2019.04.26"]
[Round "3"]
[White "Lacasta Palacio, Joaquim"]
[Black "Clavel Oliveras, Guillem"]
[Result "1-0"]
[WhiteElo "2074"]
[BlackElo "1778"]
[PlyCount "57"]
[EventDate "2019.03.29"]
[EventType "swiss"]
[EventRounds "9"]
[EventCountry "ESP"]
[SourceTitle "CBM 190 Extra"]
[Source "ChessBase"]
[SourceDate "2019.07.15"]
[SourceVersion "1"]
[SourceVersionDate "2019.07.15"]
[SourceQuality "1"]

1. g3 d5 2. Bg2 Nf6 3. d4 Bf5 4. Nf3 e6 5. 0-0 Bd6 6. c4 c6 7. Nc3 0-0 8. Qb3 Qb6 9. c5 Qxb3 10. axb3 Bc7 11. b4 Nbd7 12. Bf4 Bxf4 13. gxf4 Nh5 14. e3 h6 15. Rfc1 f6 16. Nh4 g5 17. Nxf5 exf5 18. b5 Rfb8 19. b4 a6 20. bxc6 bxc6 21. Nxd5 cxd5 22. Bxd5+ Kf8 23. Bxa8 Rxa8 24. b5 a5 25. b6 gxf4 26. b7 Rb8 27. c6 Nb6 28. Rxa5 fxe3 29. fxe3 1-0

[Event "Barcelona Tupinamba op-A 14th"]
[Site "Barcelona"]
[Date "2019.04.10"]
[Round "3.7"]
[White "Lacasta Palacio, Joaquim"]
[Black "Bernat, Ernest"]
[Result "1-0"]
[WhiteElo "2074"]
[BlackElo "1880"]
[PlyCount "57"]
[EventDate "2019.03.27"]
[EventType "swiss"]
[EventRounds "9"]
[EventCountry "ESP"]
[SourceTitle "EXT 2024"]
[Source "ChessBase"]
[SourceDate "2023.10.10"]
[SourceVersion "1"]
[SourceVersionDate "2023.10.10"]
[SourceQuality "1"]

1. e4 e6 2. Nf3 d5 3. e5 c5 4. g3 Nc6 5. Bg2 Qc7 6. Qe2 Nge7 7. 0-0 Nf5 8. c3 Be7 9. d3 h6 10. Re1 a6 11. Nbd2 Bd7 12. a3 0-0 13. g4 Nh4 14. Nxh4 Bxh4 15. Nf3 Qd8 16. Nxh4 Qxh4 17. Bf4 Qe7 18. Bg3 f6 19. exf6 Rxf6 20. f4 Qf8 21. g5 Rxf4 22. Bxf4 Qxf4 23. gxh6 Qxh6 24. Qe3 Qxe3+ 25. Rxe3 Rf8 26. Rae1 Rf6 27. Rf3 Kf7 28. b4 cxb4 29. axb4 1-0

[Event "Barcelona Tres Peons-A 21th"]
[Site "Barcelona"]
[Date "2019.02.06"]
[Round "5.7"]
[White "Garcia Ruiz, Adrian"]
[Black "Lacasta Palacio, Joaquim"]
[Result "1/2-1/2"]
[WhiteElo "1915"]
[BlackElo "2074"]
[PlyCount "59"]
[EventDate "2019.01.09"]
[EventType "swiss"]
[EventRounds "9"]
[EventCountry "ESP"]
[SourceTitle "EXT 2024"]
[Source "ChessBase"]
[SourceDate "2023.10.10"]
[SourceVersion "1"]
[SourceVersionDate "2023.10.10"]
[SourceQuality "1"]

1. e4 d5 2. exd5 Qxd5 3. Nc3 Qa5 4. d4 c6 5. Nf3 Bf5 6. Bc4 e6 7. Qe2 Nf6 8. Bd2 Qb6 9. 0-0-0 Be7 10. Rhe1 Nbd7 11. d5 cxd5 12. Nxd5 Nxd5 13. Bxd5 Bf6 14. Bb3 Nc5 15. Ne5 0-0 16. Bc3 Rfd8 17. f3 Rac8 18. g4 Rxd1+ 19. Rxd1 Nxb3+ 20. axb3 Bg5+ 21. Kb1 Rxc3 22. gxf5 Re3 23. Qc4 g6 24. f4 Bh4 25. Qc8+ Kg7 26. Ng4 Rf3 27. fxg6 hxg6 28. Qd8 Qa5 29. Qd4+ Kh7 30. Ne5 1/2-1/2

[Event "Barcelona Sant Marti op 8th"]
[Site "Barcelona"]
[Date "2019.01.17"]
[Round "1"]
[White "Cabrera Marmol, Manel"]
[Black "Lacasta Palacio, Joaquim"]
[Result "0-1"]
[WhiteElo "1716"]
[BlackElo "2074"]
[PlyCount "84"]
[EventDate "2019.01.17"]
[EventType "swiss"]
[EventRounds "9"]
[EventCountry "ESP"]
[SourceTitle "CBM 189 Extra"]
[Source "ChessBase"]
[SourceDate "2019.06.03"]
[SourceVersion "1"]
[SourceVersionDate "2019.06.03"]
[SourceQuality "1"]

1. e4 c5 2. d4 cxd4 3. c3 dxc3 4. Nxc3 a6 5. Bc4 e6 6. Nf3 Nc6 7. 0-0 Nge7 8. Bg5 f6 9. Be3 b5 10. Bb3 Ng6 11. Qe2 Na5 12. Bc2 Nc4 13. Bc1 Nce5 14. Nd4 Bc5 15. Rd1 Qe7 16. f4 Nc6 17. Be3 Nxd4 18. Bxd4 Nxf4 19. Qf2 Bxd4 20. Rxd4 e5 21. Rd2 0-0 22. Rad1 Kh8 23. Bb3 d6 24. Rxd6 Bg4 25. R1d2 b4 26. Nd1 Ne2+ 27. Kh1 Nd4 28. Rd5 Be6 29. R5xd4 exd4 30. Bc2 Rad8 31. b3 Qc5 32. Nb2 Qc3 33. Nd3 f5 34. e5 Rfe8 35. h3 Bd5 36. Nf4 Be4 37. e6 Qe3 38. Qxe3 dxe3 39. Rxd8 Rxd8 40. Bxe4 fxe4 41. e7 Re8 42. Nd5 e2 0-1

[Event "Martorell op 36th"]
[Site "Martorell"]
[Date "2018.10.20"]
[Round "5"]
[White "Martin Barcelo, Carles"]
[Black "Lacasta Palacio, Joaquim"]
[Result "1-0"]
[WhiteElo "2002"]
[BlackElo "2122"]
[PlyCount "84"]
[EventDate "2018.09.15"]
[EventType "swiss"]
[EventRounds "9"]
[EventCountry "ESP"]
[SourceTitle "CBM 189 Extra"]
[Source "ChessBase"]
[SourceDate "2019.06.03"]
[SourceVersion "1"]
[SourceVersionDate "2019.06.03"]
[SourceQuality "1"]

1. d4 e6 2. e4 d5 3. Bd3 dxe4 4. Bxe4 Nf6 5. Bf3 Be7 6. Ne2 0-0 7. Nbc3 Nc6 8. a3 Qd7 9. 0-0 Rd8 10. Bf4 a6 11. Qd3 b6 12. Rad1 Bb7 13. d5 exd5 14. Nxd5 Nxd5 15. Bxd5 Bf6 16. Nc3 Rac8 17. Qe3 Bxc3 18. Qxc3 Qg4 19. Bg3 Qg6 20. Rfe1 h5 21. Be4 Qf6 22. Qxf6 gxf6 23. Kf1 Rxd1 24. Rxd1 Na5 25. Bf5 Re8 26. Bxc7 Nc4 27. Rd3 Be4 28. Bxe4 Rxe4 29. Rd5 Re6 30. g3 Rc6 31. Bf4 Nxb2 32. Rxh5 Rxc2 33. Rd5 Nc4 34. Rd7 b5 35. Bd6 Ra2 36. Bc5 a5 37. h4 Kg7 38. Kg2 a4 39. Bb4 Kg6 40. Bf8 Rb2 41. Rd4 f5 42. Rf4 Ne5 1-0

[Event "Barcelona Sant Marti op-A 20th"]
[Site "Barcelona"]
[Date "2018.07.17"]
[Round "5"]
[White "Grafl, Florian"]
[Black "Lacasta Palacio, Joaquim"]
[Result "1-0"]
[WhiteElo "2364"]
[BlackElo "2105"]
[PlyCount "51"]
[EventDate "2018.07.13"]
[EventType "swiss"]
[EventRounds "9"]
[EventCountry "ESP"]
[SourceTitle "CBM 185 Extra"]
[Source "ChessBase"]
[SourceDate "2018.07.29"]
[SourceVersion "1"]
[SourceVersionDate "2018.07.29"]
[SourceQuality "1"]

1. f4 Nf6 2. Nf3 g6 3. g3 Bg7 4. Bg2 0-0 5. 0-0 c5 6. d3 d5 7. Qe1 e6 8. e4 b6 9. Nc3 Bb7 10. e5 Ne8 11. g4 Nc7 12. f5 exf5 13. gxf5 gxf5 14. Nh4 Nd7 15. Nxf5 Bxe5 16. Bf4 Bxf4 17. Rxf4 Kh8 18. Nd6 Bc6 19. Nxf7+ Rxf7 20. Rxf7 Qg8 21. Rf3 Ne6 22. Rg3 Ng7 23. Qd2 Qe6 24. Re1 Qd6 25. Qg5 Ne6 26. Rxe6 1-0

[Event "Vilafranca del Penedes op 12th"]
[Site "Vilafranca del Penedes"]
[Date "2018.04.27"]
[Round "4"]
[White "Lorca Cortada, David"]
[Black "Lacasta Palacio, Joaquim"]
[Result "0-1"]
[WhiteElo "2049"]
[BlackElo "2120"]
[PlyCount "122"]
[EventDate "2018.04.06"]
[EventType "swiss"]
[EventRounds "8"]
[EventCountry "ESP"]
[SourceTitle "CBM 184 Extra"]
[Source "ChessBase"]
[SourceDate "2018.06.28"]
[SourceVersion "1"]
[SourceVersionDate "2018.06.28"]
[SourceQuality "1"]

1. d4 e6 2. c4 Bb4+ 3. Bd2 Qe7 4. e4 Bxd2+ 5. Qxd2 d6 6. Nf3 e5 7. Nc3 Nf6 8. Bd3 Bg4 9. dxe5 dxe5 10. Qe3 Bxf3 11. Qxf3 Nc6 12. 0-0 Nd4 13. Qh3 c6 14. Kh1 Ne6 15. Rad1 Nf4 16. Qe3 Ng4 17. Qg3 h5 18. Ne2 g5 19. h3 Nh6 20. Nxf4 exf4 21. Qh2 Qe5 22. f3 0-0-0 23. Qg1 Rd4 24. b4 Rhd8 25. Be2 f5 26. Rxd4 Rxd4 27. Rd1 Rxd1 28. Qxd1 Kc7 29. c5 a5 30. a3 axb4 31. axb4 h4 32. Bc4 Kc8 33. Qe2 fxe4 34. fxe4 g4 35. Qa2 Kb8 36. Qa5 Qd4 37. Bf1 gxh3 38. Qa2 Qxe4 39. Qd2 Nf7 40. Kh2 hxg2 41. Bxg2 f3 42. Bf1 Qe5+ 43. Kh1 Qa1 44. Qf4+ Ne5 45. Kg1 Qe1 46. Qf8+ Ka7 47. Qd8 Qxb4 48. Kh2 Qxc5 49. Qxh4 Qe3 50. Qa4+ Kb8 51. Qh4 Qd2+ 52. Kh1 Qd5 53. Qf4 Ka7 54. Qa4+ Kb8 55. Qf4 Kc7 56. Kh2 Kd6 57. Kg1 b5 58. Qc1 Kc7 59. Kf2 Qe4 60. Kg3 Qg4+ 61. Kf2 Qh4+ 0-1

[Event "Barcelona Sant Marti op-A 19th"]
[Site "Barcelona"]
[Date "2017.07.21"]
[Round "9.51"]
[White "Lacasta Palacio, Joaquim"]
[Black "Rakshitta, Ravi"]
[Result "1/2-1/2"]
[WhiteElo "2092"]
[BlackElo "1974"]
[PlyCount "93"]
[EventDate "2017.07.13"]
[EventType "swiss"]
[EventRounds "9"]
[EventCountry "ESP"]
[SourceTitle "EXT 2018"]
[Source "ChessBase"]
[SourceDate "2017.10.13"]
[SourceVersion "1"]
[SourceVersionDate "2017.10.13"]
[SourceQuality "1"]

1. e4 e5 2. Nf3 Nc6 3. Nc3 Nf6 4. Bb5 Bb4 5. 0-0 0-0 6. d3 d6 7. Bg5 Bxc3 8. bxc3 Ne7 9. Re1 Ng6 10. d4 h6 11. Bc1 c6 12. Bf1 Re8 13. Qd3 d5 14. dxe5 Nxe4 15. c4 Bg4 16. cxd5 cxd5 17. Bb2 Bxf3 18. Qxf3 Nxe5 19. Qf5 Qc7 20. Rad1 Rad8 21. f3 Nc3 22. Rd4 Qc5 23. Bxc3 Qxc3 24. Red1 g6 25. Qf4 Qxc2 26. Qxh6 Qc5 27. Kh1 Qf8 28. Qd2 Nc6 29. Rh4 d4 30. Bb5 Qg7 31. h3 d3 32. Bxc6 bxc6 33. Qa5 Rd5 34. Qxa7 d2 35. Re4 Rxe4 36. fxe4 Rd3 37. Qa8+ Kh7 38. Qxc6 Qd4 39. Qd5 Qe3 40. Qxf7+ Kh6 41. Qf8+ Kh7 42. Qe7+ Kh6 43. Qh4+ Kg7 44. a4 Rc3 45. Qe7+ Kh6 46. Qh4+ Kg7 47. Qe7+ 1/2-1/2